NFL Players by Career Path - Statistics

General Stats
  • This quiz has been taken 66 times
  • The average score is 13 of 33
Answer Stats
Picture Answer % Correct
Deshaun Watson
94%
Russell Wilson
94%
Nick Chubb
78%
Kenny Pickett
76%
David Montgomery
74%
Stefon Diggs
72%
DeAndre Hopkins
70%
Zach Ertz
66%
Evan Engram
60%
Hollywood Brown
54%
Jalen Ramsey
52%
Jonnu Smith
46%
Calais Campbell
40%
Jessie Bates III
38%
Samaje Perine
38%
Von Miller
38%
Xavier McKinney
34%
Dre Greenlaw
30%
Tre'Davious White
28%
Leonard Williams
26%
Mekhi Becton
24%
Jeremy Chinn
16%
Grady Jarrett
14%
Tress Way
14%
Wyatt Teller
14%
Greg Zuerlein
12%
Matt Gay
12%
Nick Folk
12%
Frankie Luvu
10%
Jonathan Jones
10%
Jordan Stout
10%
Tyler Biadasz
8%
Corey Bojorquez
2%
No matching quizzes found
Score Distribution
Percent of People with Each Score
Percentile by Number Answered
Your Score History
You have not taken this quiz